शहरयार सुनो... / (Record no. 59209)

MARC details
000 -LEADER
fixed length control field 01297nam a22002897a 4500
005 - DATE AND TIME OF LATEST TRANSACTION
control field 2010101908158.0
008 - FIXED-LENGTH DATA ELEMENTS--GENERAL INFORMATION
fixed length control field 101019t xxu||||| |||| 00| 0 hin d
010 ## - LCCN (DPL NO)
LC control number HIN-94779
020 ## - INTERNATIONAL STANDARD BOOK NUMBER
Terms of availability 220.00
International Standard Book Number 9788126330829
035 ## - SYSTEM CONTROL NUMBER
System control number HN-67125
037 ## - SOURCE OF ACQUISITION
Source of stock number/acquisition DBAD / PUB
040 ## - CATALOGING SOURCE
Original cataloging agency DPL
Language of cataloging HN
082 ## - DEWEY DECIMAL CLASSIFICATION NUMBER
Classification number 821
100 ## - MAIN ENTRY--PERSONAL NAME
9 (RLIN) 23632
245 ## - TITLE STATEMENT
Title शहरयार सुनो... /
Remainder of title गुलजार द्वारा संपादित
260 ## - PUBLICATION, DISTRIBUTION, ETC. (IMPRINT)
Place of publication, distribution, etc नई दिल्ली
Name of publisher, distributor, etc भारतीय ज्ञानपीठ
Date of publication, distribution, etc 2011
270 ## - ADDRESS
City नई दिल्ली
Address 18, इन्स्टीट्यूशनल एरिया,लोदी रोड़,
Postal code 110003
Electronic mail address jnanpith@satyam.net.in
300 1# - PHYSICAL DESCRIPTION
Extent 191पृ.
Dimensions 22सेमी (सजिल्द)
490 ## - SERIES STATEMENT
Series statement लोकोदय ग्रन्थमाला-ग्रथांक 1091
-- 36717
650 ## - SUBJECT ADDED ENTRY--TOPICAL TERM
9 (RLIN) 657
Topical term or geographic name as entry element हिन्दी कविता
650 ## - SUBJECT ADDED ENTRY--TOPICAL TERM
9 (RLIN) 34273
700 ## - ADDED ENTRY--PERSONAL NAME
9 (RLIN) 34278
Personal name कालिया,रवीन्द्र
710 ## - ADDED ENTRY--CORPORATE NAME
9 (RLIN) 34811
Corporate name or jurisdiction name as entry element जैन,गुलाबचन्द्र
710 ## - ADDED ENTRY--CORPORATE NAME
9 (RLIN) 35049
Corporate name or jurisdiction name as entry element गुलजार
942 ## - ADDED ENTRY ELEMENTS (KOHA)
Source of classification or shelving scheme Dewey Decimal Classification
Item type Hindi Books
Call number suffix शहर
Classification part 821
Holdings
Withdrawn status Lost status Source of classification or shelving scheme Damaged status Not for loan Collection code Home library Current library Date acquired Source of acquisition Cost, normal purchase price Total Checkouts Full call number Barcode Date last seen Copy number Cost, replacement price Koha item type
    Dewey Decimal Classification   Not For Loan Non-fiction D.B.Act.Division D.B.Act.Division 09/12/2011 DBAD/PUB 220.00   821 शहर HN-67125 09/12/2011 1 220.00 Hindi Books

© Delhi Public Library
Hit Counter
free hit counter